LEADER 02454nam 2200589Ia 450 001 9910777941003321 005 20230721021842.0 010 $a981-283-455-9 035 $a(CKB)1000000000766724 035 $a(EBL)1193579 035 $a(SSID)ssj0000517210 035 $a(PQKBManifestationID)12181152 035 $a(PQKBTitleCode)TC0000517210 035 $a(PQKBWorkID)10487198 035 $a(PQKB)11534460 035 $a(MiAaPQ)EBC1193579 035 $a(WSP)00007007 035 $a(Au-PeEL)EBL1193579 035 $a(CaPaEBR)ebr10688172 035 $a(CaONFJC)MIL491737 035 $a(OCoLC)820944613 035 $a(EXLCZ)991000000000766724 100 $a20080721d2008 uy 0 101 0 $aeng 135 $aur|n|---||||| 181 $ctxt 182 $cc 183 $acr 200 10$aAxioms for lattices and boolean algebras$b[electronic resource] /$fR. Padmanabhan, S. Rudeanu 210 $aHackensack, NJ $cWorld Scientific$dc2008 215 $a1 online resource (228 p.) 300 $aDescription based upon print version of record. 311 $a981-283-454-0 320 $aIncludes bibliographical references (p. 193-210) and index. 327 $a1. Semilattices and lattices -- 2. Modular lattices -- 3. Distributive lattices -- 4. Boolean algebras -- 5. Further topics and open problems. 330 $aThe importance of equational axioms emerged initially with the axiomatic approach to Boolean algebras, groups, and rings, and later in lattices. This unique research monograph systematically presents minimal equational axiom-systems for various lattice-related algebras, regardless of whether they are given in terms of "join and meet" or other types of operations such as ternary operations. Each of the axiom-systems is coded in a handy way so that it is easy to follow the natural connection among the various axioms and to understand how to combine them to form new axiom systems.A new topic in t 606 $aLattice theory 606 $aAlgebra, Boolean 606 $aAxioms 615 0$aLattice theory. 615 0$aAlgebra, Boolean. 615 0$aAxioms. 676 $a511.33 700 $aPadmanabhan$b R$g(Ranganathan),$f1938-$01498545 701 $aRudeanu$b Sergiu$042033 801 0$bMiAaPQ 801 1$bMiAaPQ 801 2$bMiAaPQ 906 $aBOOK 912 $a9910777941003321 996 $aAxioms for lattices and boolean algebras$93724133 997 $aUNINA LEADER 01409nam0 2200373 i 450 001 RAV0184095 005 20251003044326.0 020 $aIT$b1932 5769 090 $a96915 100 $a20020827d1931 ||||0itac50 ba 101 | $aita 102 $ait 181 1$6z01$ai $bxxxe 182 1$6z01$an 200 1 $aDelitti e delinquenti nel nuovo codice penale$fCorso Bovio 210 $aNapoli$cGuida$dstampa 1931 215 $aXV, 265 p.$d24 cm 606 $aDELINQUENZA$xEd. ante 1945$2FIR$3RAVC044954$9I 606 $aGIUSTIZIA PENALE$xEd. ante 1945$2FIR$3RAVC044953$9I 676 $a345.4503$9DELINQUENTI. ITALIA$v20 676 $a345.4503$9DIRITTO PENALE. DELINQUENTI. ITALIA$v21 696 $aCriminalità$aMalavita 699 $aDelinquenza$yCriminalità 699 $aDelinquenza$yMalavita 700 1$aBovio$b, Corso$f <1880-1958>$3RAVV072728$4070$01071561 801 3$aIT$bIT-000000$c20020827 850 $aIT-BN0095 $aIT-NA0070 901 $bNAP 01$cD $n$ 901 $bNAP BU$cDONO $nDoni. Legati. 912 $aRAV0184095 950 0$aBiblioteca Centralizzata di Ateneo$c1 v.$d 01D (AR) 29 159$e 01AR 0700291595 VMA 1 v.$fY $h20131121$i20131121 977 $a 01$a BU 996 $aDelitti e delinquenti nel nuovo codice penale$92567539 997 $aUNISANNIO LEADER 01151nam0 22002771i 450 001 UON00196672 005 20231205103236.794 010 $a88-14-05635-8 100 $a20030730d1995 |0itac50 ba 101 $aita 102 $aIT 105 $a|||| ||||| 200 1 $aˆLa ‰libertà di insegnamento e l'autonomia nell'Università liberale$enorme e progetti per l'istruzione superiore in Italia (1848 - 1923)$fFloriana Calao 210 $aMilano$cGiuffrè$d1995 215 $aXXXI, 504 p.$d24 cm 410 1$1001UON00171914$12001 $aQuaderni di "Studi Senesi"$v82 606 $aUNIVERSITA' DEGLI STUDI$xStoria$3UONC037960$2FI 620 $aIT$dMilano$3UONL000005 700 1$aColao$bFloriana$3UONV105556$0229928 712 $aGiuffrè$3UONV257275$4650 801 $aIT$bSOL$c20251128$gRICA 899 $aSIBA - SISTEMA BIBLIOTECARIO DI ATENEO$2UONSI 912 $aUON00196672 950 $aSIBA - SISTEMA BIBLIOTECARIO DI ATENEO$dSI A 0413 $eSI SC 30177 5 0413 996 $aLibertà di insegnamento e l'autonomia nell'università liberale$9639762 997 $aUNIOR